| 000 | 00598nam a22002537a 4500 | ||
|---|---|---|---|
| 003 | UA-OsUOA | ||
| 001 | 22953 | ||
| 007 | ta | ||
| 008 | 20031229b un ||||| |||| 00| 0 ukr d | ||
| 100 | _aЭришев А.О. | ||
| 090 |
_a21(075.8) _bЭ71 |
||
| 942 | _cBK | ||
| 040 |
_aUA-OsUOA _brus _cUA-OsUOA _dUA-OsUOA |
||
| 245 |
_aРелигиоведение _bУчебное пособие |
||
| 300 | _a280 с. | ||
| 955 | _a0 | ||
| 041 | _arus | ||
| 080 | _a21(075.8) | ||
| 020 | _a966-7312-57-7 | ||
| 260 |
_aКиев _bМАУП _c1999 |
||
| 044 | _aUA | ||
| 650 | 7 | _2UDC | |
| 999 |
_c309185 _d309185 |
||